MDQL
is popping MORE tags! Check the
thread
!
Quizzes
Events
Quiz Creation
Community
Videos
Private Events
Remove Ads
Sign In
Join for FREE
Feedback
Dark Mode
Quiz Categories
Sports
Geography
Music
Movies
Television
Just For Fun
Miscellaneous
History
Literature
Language
Science
Gaming
Entertainment
Religion
Holiday
For Kids
Quiz Lab
Recent
Popular Today
Quiz Kudos Today
Editor Picks
Curator Picks
Quizzes by...
Day
Popularity
Type
Ratings
Length
Year
Community
Subscriptions
Recent Discussions
Orange Saloon
Badges
Playlists
Quests
Create
Leaderboards
Showdown
Live 5
Trivia Bingo
Activity
Puzzle Library
Sporcle Events
Private Events
Virtual Trivia
Globe League
Become a Host
Pub Owners
SporcleCon
Opinionation
Our Games
Videos
Blog
Mobile Apps
Partnerships
Remove Ads and Go Orange
Feedback
Entertainment
Celebrity
Famous
Musical
Broadway
Show
Quote
Comic Books
Anime
Superhero
DC Comics
Marvel
Cartoons
Animation
Entertainment
Celebrity
Famous
Musical
Broadway
Show
Quote
Comic Books
Anime
Superhero
DC Comics
Marvel
Cartoons
Animation
Random Quiz
Search Sporcle
×
Quiz Lab
Quiz Lab
Entertainment
guard
Type in answers that appear in a list
Type in answers that appear in a list
Classic
Best Score? Go Orange.
Nanbaka Inmate and Guard Building Number Stats
Can you name the Nanbaka Inmate and Guard Building Number?
By
WolfLegendFS
10m
20 Questions
491 Plays
491 Plays
491 Plays
Comments
Comments
Give Quiz Kudos
Give Quiz Kudos
-
- Ratings
hide this ad
Replay
Link that replays current quiz
Next Quiz
Link to next quiz in quiz playlist
You Got
0%
They Got
Avg Score
78%
Avg Friend Score
Upgrade to see
Score Distribution
Jump to the score distribution portion of the page
Score
0/20
Timer
10:00
0
Plays Today
Building Number
Inmate/Guard
% Correct
13
Uno
97.8%
13
Rock
97.8%
13
Jyugo
97.1%
13
Nico
97.1%
13
Hajime Sugoroku
93.3%
5
Samon Gokuu
83.8%
3
Honey
81.4%
5
Upa
80.2%
5
Liang
78.1%
3
Trois
78.1%
Building Number
Inmate/Guard
% Correct
5
Qi
76.5%
13
Yamato Godai
75.9%
3
Mitsuba Kiji
75.3%
Warden
Hyakushiki Momoko
71.8%
13
Seitarou Tanabata
71.4%
4
Kenshirou Yozakura
66.3%
4
Musashi
65%
Technical Guard of Building 13 (Meow)
Kuu Sugoroku
62.4%
13
Tsukumo
60.1%
5
Inori Hakkai
60.1%
Quiz Playlist
Details
Report
Send in Message
Add To Playlist
Classic:
Type in answers that appear in a list
Last Updated: Mar 21, 2017
Quiz Scoreboard
CHALLENGE
Sign Up to Join the Scoreboard
Show All
Scores
Hide
Comments
May contain spoilers
Recently Published
1-10 Letter E Words III
by El_Dandy
Language
2m
Street Fighter Characters
by Artimus82
Gaming
60s
College Basketball Coaching Resumes
by pancakes188
Sports
9m
More to Explore
Quiz From the Vault
Featured Blog Post
Where Did the Easter Bunny Come From?
hide this ad
You Might Also Like...
Tags
Building
guard
inmate
Today's Top Quizzes in Entertainment
Browse Entertainment
hide this ad
Today's Top Quizzes in guard
Browse guard
Top Contributed Quizzes in Entertainment
1
7-to-1: DC Comics Villains
2
Marvel Characters Bunker
3
Dragon Ball Z: Goku's Fights in Order
4
Eurovision 2023 Logic Puzzle
5
Sorting Pictures: Villains
6
Criteria Quickie: Cartoon Taxonomy II
7
Mini Trivia Sudoku: Musicals
8
7-to-1: One Piece
9
Fictional Villains Letter U Blitz
10
Click the Cartoon Scott
Explore More
Trending Topics
Anime
Marvel
Harry Potter
Kpop
Crossword
Disney
NBA
The Office
Puzzle
WWE
Song
Pokémon
Soccer
NFL
Country
hide this ad
More By:
WolfLegendFS
Quiz
Plays
Rating
Category
Featured
Created
Can You Name The Anime?
1,940
2.38
Entertainment
Mar 15, 2017
Nanbaka Inmate and Guard Building Number
491
5.00
Entertainment
Mar 20, 2017
Go to Creator's Profile
Score Distribution
Quiz Creator Spotlight
WolfLegendFS
Follow
Send a Message
Quizzes Created
-
Created Quiz Play Count
-
More By This Creator
Popular Quizzes Today
1
Find the US States - No Outlines Minefield
2
Find the Countries of Europe - No Outlines Minefield
3
The Countries of the World
4
Find the US States
5
Risky Map Clicking: Biggest States A-Z
6
US States
7
Popular People in 1961
8
Movies - When Are They Set?
More Entertainment Quizzes
TV or Movie? I Played My Part!
Published
Trending Quizzes
Risky Map Clicking: Least Populous States A-Z
Billboard Blitz: Aretha Franklin
Famous Russians: Author or Composer?
1-10 Letter G Words
Countries of the World: 200 Million BC
Recently Updated
Leaping Animals
pecheneg
Reality TV Shows (A-Z)
bhenderson79
Rickey Henderson's Hall of Fame Teammates
pecheneg
Champions League XIs: Arsenal
pecheneg
Quick Pick: Celebrities in WWE's Hall of Fame
aduchscher
A-Z Keypad Blitz II
pecheneg
Multiple Oscar Actors
pecheneg
Mystery Phrase Blitz: Oscar 'Best Actors'
pecheneg
F. Scott Fitzgerald Novels
LTH
Pick 3 Villains
ddd62291
Trending Topics
Harry Potter
Marvel
Kpop
Anime
NBA
Crossword
Disney
Soccer
Song
Country
The Office
Puzzle
Pokémon
NFL
WWE
Your Account Isn't Verified!
In order to create a playlist on Sporcle, you need to verify the email address you used during registration. Go to your
Sporcle Settings
to finish the process.
Report this User
Report this user for behavior that violates our
Community Guidelines
.
Details:
Send Report
Go to the Sporcle.com Mobile Site →
Comments